Every Active NFL Player with an Apostrophe in their Name - Statistics

General Stats
  • This quiz has been taken 7 times
  • The average score is 9 of 50
Answer Stats
Hint Answer % Correct
Bengals WR Ja'Marr Chase
83%
Bears RB D'Andre Swift
67%
Raiders QB Aidan O'Connell
50%
Dolphins RB De'Von Achane
50%
Texans K Ka'imi Fairbairn
50%
Bengals WR Ke'Shawn Williams
50%
Broncos WR Lil'Jordan Humphrey
50%
Chargers WR Tre' Harris
50%
Titans DB Cor'Dale Flott
33%
Chargers LB Del'Shawn Phillips
33%
Bears LB D'Marco Jackson
33%
Titans LB Henry To'oTo'o
33%
Broncos DB Ja'Quan McMillan
33%
49ers DB Ji'Ayir Brown
33%
Broncos DL Sai'vion Jones
33%
Rams DB Al'zillion Hamilton
17%
Eagles DB Andre' Sam
17%
Bills OL Ar'maj Reed-Adams
17%
Buccaneers DL A'Shawn Robinson
17%
Jets DB Azareye'h Thomas
17%
49ers WR De'Zhaun Stribling
17%
Raiders WR Dont'e Thornton Jr.
17%
Panthers TE Ja'Tavion Sanders
17%
Cardinals DB Kei'Trel Clark
17%
Commanders LB K'Lavon Chaisson
17%
Bills OL O'Cyrus Torrence
17%
Titans WR Wan'Dale Robinson
17%
Giants DB Ar'Darius Washington
0%
Jaguars DB Cam'Ron Silmon-Craig
0%
Vikings LB Cam'Ron Stewart
0%
Commanders DB Car'lin Vigers
0%
Jets DB D'Angelo Ponds
0%
Seahawks DB D'Anthony Bell
0%
Chiefs DB D'Arco Perkins-McAllister
0%
Falcons DL Da'Shawn Hand
0%
Patriots LB Dre'Mont James
0%
Steelers DB D'Shawn Jamison
0%
Commanders WR Ja'Corey Brooks
0%
Ravens WR Ja'Kobi Lane
0%
Saints WR Ja'Lynn Polk
0%
Titans DB Ja'Marcus Ingram
0%
Seahawks LB Ja'Markis Weston
0%
Panthers WR Ja'seem Reed
0%
Commanders DL Jer'Zhan Newton
0%
Cardinals OL Ka'ena Decambra
0%
Jets DB Qwan'Tez Stiggers
0%
Eagles DL Ta'Quon Graham
0%
Raiders DL Treven Ma'ae
0%
Panthers DB Tre'von Moehrig
0%
Jets DL T'Vondre Sweat
0%
No matching quizzes found
Score Distribution
Percent of People with Each Score
Percentile by Number Answered
Your Score History
You have not taken this quiz